header

The evolving regulatory context for private education in emerging economies (Record no. 23349)

MARC details
000 -LEADER
fixed length control field 01280nam a2200301Ia 4500
245 04 - TITLE STATEMENT
Title The evolving regulatory context for private education in emerging economies
260 ## - PUBLICATION, DISTRIBUTION, ETC. (IMPRINT)
Place of publication Washington, D.C. :
Name of publisher World Bank,
Year of publication 2009.
300 ## - PHYSICAL DESCRIPTION
Number of Pages vi, 65 p.
490 1# - SERIES STATEMENT
Series statement World bank working paper ;
650 #0 - SUBJECT ADDED ENTRY--TOPICAL TERM
Topical Term Privatization in education
Topical Term Private schools
856 40 - ELECTRONIC LOCATION AND ACCESS
Uniform Resource Identifier http://site.ebrary.com/lib/rucke/Doc?id=10269615

No items available.

© 2026 Rongo University
Contact us: librarian | system librarian | Rongo university